| 000 | 00455nam a22001697a 4500 | ||
|---|---|---|---|
| 005 | 20230217124107.0 | ||
| 008 | 220225b ||||| |||| 00| 0 eng d | ||
| 020 | _a81-8416-049-6 | ||
| 041 | _aeng | ||
| 082 | _a612 GOY-P | ||
| 100 |
_aGOYAL, DR. R.K AND PATEL, DR. N.M _97513 |
||
| 245 | _aPRACTICAL ANATOMY AND PHYSIOLOGY | ||
| 260 |
_aAHMEDABAD _bB.S.SHAH PRAKASHAN |
||
| 300 | _a187;p | ||
| 650 |
_aPHARMACY _xB.PHARMA & D.PHARMA _97514 |
||
| 942 | _cBK | ||
| 999 |
_c7978 _d7976 |
||